| 000 | 00703nam a2200181 a 4500 | ||
|---|---|---|---|
| 005 | 20240416064059.0 | ||
| 008 | 030701s1962 mx r 000 0 spa d | ||
| 035 | _aUPN01000127079 | ||
| 049 | _aSEP | ||
| 050 | 4 |
_aL227 D11 _bB2 1962 |
|
| 110 | 2 |
_aConsejo Nacional Técnico de la Educación (México) _927982 |
|
| 245 | 1 | 0 |
_aPlan de trabajo de la primera sección / _cConsejo Nacional Técnico de la Educación. |
| 260 |
_aMéxico : _bSEP, Consejo Nacional Técnico de la Educación, _c1962. |
||
| 300 | _a8 h. | ||
| 500 | _aEn la cubierta: 5a. Asamblea plenaria del Consejo Nacional Técnico de la Educación | ||
| 610 | 2 | 4 |
_aConsejo Nacional Técnico de la Educación (México) _927982 |
| 905 | _aLibro | ||
| 999 |
_c99258 _d99258 |
||